000 00677nam a22002057a 4500
005 20140425145043.0
010 _aENG-109504
020 _c925.00
_a9788125051305
035 _aEN-93037
037 _bDBAD/PUB
082 _a338.91724
245 0 0 _aDevelopment on trial :
_cedited by Sunanda Sen [and] Anjan Chakrabarti
_bshrinking space for the periphery /
260 _aNew Delhi
_bOrient Blakswan
_c2014
270 _a1/24 Asaf Ali Road
_bNew Delhi
_e110002
300 _axxxvi,432p.
_c23cm(Hb)
500 _aIncludes bibliographical references and index
700 _aSen, Sunanda
700 _aChakrabarti, Anjan
942 _2ddc
_cEN
_mDEV
_h338.91724
999 _c82836
_d82836